| Tag |
First Indicator |
Second Indicator |
Subfields |
| LEADER |
00000cam a2200000 i 4500 |
| 001 |
in00005713607 |
| 005 |
20260319162535.2 |
| 006 |
m o d |
| 007 |
cr ||||||||||| |
| 008 |
151207s2016 ii a fob 001 0 eng d |
| 040 |
|
|
|a AZU
|b eng
|e rda
|e pn
|c AZU
|d OCLCO
|d OH1
|d YDXCP
|d OCLCF
|d OCL
|d QCL
|d STBDS
|d BUF
|d CEF
|d OTZ
|d WYU
|d YOU
|d OCLCQ
|d K6U
|d OCLCO
|d SFB
|d OCLCO
|d OCLCQ
|d INARC
|d OCLCQ
|d OCLCO
|d OCLCL
|d OCLCO
|
| 019 |
|
|
|a 951753998
|a 1066445192
|a 1298439755
|a 1370507337
|
| 020 |
|
|
|a 9780199086825
|q (ebook)
|
| 020 |
|
|
|a 0199086826
|q (ebook)
|
| 020 |
|
|
|z 978019946513
|q (print)
|
| 020 |
|
|
|z 0199465134
|
| 020 |
|
|
|z 9780199465132
|
| 035 |
|
|
|a (OCoLC)954194926
|z (OCoLC)951753998
|z (OCoLC)1066445192
|z (OCoLC)1298439755
|z (OCoLC)1370507337
|
| 037 |
|
|
|b Library of Congress -- New Delhi Overseas Office
|
| 043 |
|
|
|a a-ii---
|
| 050 |
|
4 |
|a JZ1318
|
| 082 |
0 |
4 |
|a 303.482
|2 23
|
| 049 |
|
|
|a TXAM
|
| 100 |
1 |
|
|a Chatterjee, Ipsita,
|e author.
|1 https://id.oclc.org/worldcat/entity/E39PCjHCVGDhHQRfVbX6xxRHYP
|
| 245 |
1 |
0 |
|a Spectacular cities :
|b religion, landscape, and the dialectics of globalization /
|c Ipsita Chatterjee.
|
| 264 |
|
1 |
|a New Delhi :
|b Oxford University Press,
|c 2016.
|
| 300 |
|
|
|a 1 online resource :
|b illustrations (black and white)
|
| 336 |
|
|
|a text
|b txt
|2 rdacontent
|
| 337 |
|
|
|a computer
|b c
|2 rdamedia
|
| 338 |
|
|
|a online resource
|b cr
|2 rdacarrier
|
| 520 |
8 |
|
|a Academic work on globalisation often tends to segment it into either economic, cultural or political globalisation. This book explores the landscapes of the Akshardham temples in Gandhinagar and Delhi in India, and Atlanta, Dallas, Houston in the U.S. to understand globalisation as it unfolds in a culture economy synthesis. It demonstrates how culture, economy, and landscapes in tandem produce globalisation through migrant narratives, migrant landscapes, and theme park religious complexes.
|
| 500 |
|
|
|a Previously issued in print: 2016.
|
| 504 |
|
|
|a Includes bibliographical references and index.
|
| 521 |
|
|
|a Specialized.
|
| 588 |
0 |
|
|a Online resource; title from home page (viewed on June 1, 2016).
|
| 505 |
0 |
|
|a 1. Introduction -- 2. Culture and the Dialectic Approach -- 3. In the Name of the Father, the Globalization, and the Holy City, Amen! -- 4. Transcendental Landscapes: Akshardham Temples in the US -- 5. Mapping the Fantastic: Akshardham Temples in India -- 6. Subjecting Globalization: The Class and Gender of Globalization -- 7. Conclusions: Spectacular City as Synthesis.
|
| 650 |
|
0 |
|a Globalization.
|
| 650 |
|
0 |
|a Culture and globalization.
|
| 650 |
|
0 |
|a Urbanization.
|
| 650 |
|
6 |
|a Mondialisation.
|
| 650 |
|
6 |
|a Culture et mondialisation.
|
| 650 |
|
6 |
|a Urbanisation.
|
| 650 |
|
7 |
|a globalism.
|2 aat
|
| 650 |
|
7 |
|a urbanization.
|2 aat
|
| 650 |
|
7 |
|a Culture and globalization
|2 fast
|
| 650 |
|
7 |
|a Globalization
|2 fast
|
| 650 |
|
7 |
|a Urbanization
|2 fast
|
| 655 |
|
7 |
|a Electronic books.
|2 local
|
| 758 |
|
|
|i has work:
|a Spectacular cities (Text)
|1 https://id.oclc.org/worldcat/entity/E39PCH6vkTd3cPPJjFpvjrJ8kC
|4 https://id.oclc.org/worldcat/ontology/hasWork
|
| 776 |
0 |
8 |
|i Print version :
|z 9780199465132
|
| 856 |
4 |
0 |
|u http://proxy.library.tamu.edu/login?url=https://academic.oup.com/book/1637
|z Connect to the full text of this electronic book
|t 0
|
| 955 |
|
|
|a Oxford Scholarship Online
|
| 994 |
|
|
|a 92
|b TXA
|
| 999 |
f |
f |
|i 921e1455-09bc-435a-abaf-089feb4b2d89
|s 4a711606-0a21-4d6a-aa63-6686a7310fab
|t 0
|
| 952 |
f |
f |
|a Texas A&M University
|b College Station
|c Electronic Resources
|s www_evans
|d Available Online
|t 0
|e JZ1318
|h Library of Congress classification
|
| 998 |
f |
f |
|a JZ1318
|t 0
|l Available Online
|